Statistics for Archipelagos on the Map

Click here to take the quiz!

General Stats

  • This quiz has been taken 499 times
  • The average score is 11 of 17

Answer Stats

Islands % Correct
Japanese Archipelago
98%
British Isles
92%
Hawaiian Islands
79%
Falkland Islands
79%
Galapagos Islands
79%
Canary Islands
78%
Maldives
78%
São Tomé and Príncipe
72%
Azores
69%
Antilles
63%
Svalbard
61%
Lucayan Archipelago
59%
Solomon Islands
52%
Aleutian Islands
52%
Malay Archipelago
39%
Canadian Arctic Archipelago
32%
Haida Gwaii
10%

Score Distribution

Percentile by Number Answered

Percent of People with Each Score

Your Score History

You have not taken this quiz